Probability and statistics : (Record no. 219420)
[ view plain ]
| 000 -LEADER | |
|---|---|
| fixed length control field | 01067 a2200217 4500 |
| 003 - CONTROL NUMBER IDENTIFIER | |
| control field | NUST |
| 005 - DATE AND TIME OF LATEST TRANSACTION | |
| control field | 20221122133613.0 |
| 020 ## - INTERNATIONAL STANDARD BOOK NUMBER | |
| International Standard Book Number | 0-7167-4742-1 : |
| 035 ## - SYSTEM CONTROL NUMBER | |
| System control number | (Uk)0716747421 |
| 040 ## - CATALOGING SOURCE | |
| Transcribing agency | Nust |
| 082 04 - DEWEY DECIMAL CLASSIFICATION NUMBER | |
| Classification number | 519.2,EVA |
| 100 1# - MAIN ENTRY--PERSONAL NAME | |
| Personal name | Evans, Michael John |
| 9 (RLIN) | 103359 |
| 245 10 - TITLE STATEMENT | |
| Title | Probability and statistics : |
| Remainder of title | the science of uncertainty / |
| Statement of responsibility, etc. | Michael J. Evans and Jeffrey S. Rosenthal |
| 260 ## - PUBLICATION, DISTRIBUTION, ETC. | |
| Place of publication, distribution, etc. | New York : |
| Name of publisher, distributor, etc. | W. H. Freeman, |
| Date of publication, distribution, etc. | 2004 |
| 300 ## - PHYSICAL DESCRIPTION | |
| Extent | xiii, 685 s. : |
| Other physical details | diagr., tab. ; |
| Dimensions | 24cm. |
| 505 ## - FORMATTED CONTENTS NOTE | |
| Formatted contents note | Probability Models (Page-01), Random Variables and Distributions (Page-33), Expectation (Page-123), Sampling and Distribution and Limits (Page-189), Statistical Inference (Page-239), Likelihood Inference (Page-281), Bayesian Inference (Page-351), Optimal Inference (Page-405), Model Checking (Page-449), Relationships Among Variables (Page-479),Advanced Topic-Stochastic Processes (Page-579), Appendices (Page-639). |
| 650 #0 - SUBJECT ADDED ENTRY--TOPICAL TERM | |
| Topical term or geographic name entry element | Mathematical statistics |
| 9 (RLIN) | 61 |
| 650 #0 - SUBJECT ADDED ENTRY--TOPICAL TERM | |
| Topical term or geographic name entry element | Probabilities |
| 700 1# - ADDED ENTRY--PERSONAL NAME | |
| Personal name | Rosenthal, Jeffrey Seth |
| 9 (RLIN) | 103360 |
| 942 ## - ADDED ENTRY ELEMENTS (KOHA) | |
| Source of classification or shelving scheme | |
| Koha item type | Book |
| Call number prefix | 519.2,EVA |
| Withdrawn status | Lost status | Source of classification or shelving scheme | Damaged status | Not for loan | Permanent Location | Current Location | Shelving location | Date acquired | Full call number | Barcode | Date last seen | Price effective from | Koha item type | Public note |
|---|---|---|---|---|---|---|---|---|---|---|---|---|---|---|
| Military College of Signals (MCS) | Military College of Signals (MCS) | General Stacks | 12/12/2016 | 519.2,EVA | MCS31244 | 12/08/2016 | 12/12/2016 | Book | Almirah No.14, Shelf No.2 |
